MARC

LEADER 00000nam0a2200000 4500
001 330216
005 20231102004235.0
035 |a (RuTPU)RU\TPU\book\355989 
090 |a 330216 
100 |a 20170330d1973 m y0rusy50 ca 
101 0 |a rus 
102 |a RU 
105 |a a j 001zy 
200 1 |a Взрывное и механическое разрушение горных пород  |e учебное пособие  |f Б. Н. Кутузов 
210 |a Москва  |c Недра  |d 1973 
215 |a 311 с.  |c ил. 
320 |a Библиогр.: с. 306 
606 1 |a Горные породы  |x Разрушение при взрывании  |x Исследование  |2 stltpush  |3 (RuTPU)RU\TPU\subj\8047  |9 35540 
610 1 |a взрывное разрушение 
610 1 |a механическое разрушение 
610 1 |a взрывы 
610 1 |a взрывчатые вещества 
610 1 |a заряды 
610 1 |a расчеты 
610 1 |a бурение 
610 1 |a перфораторы 
610 1 |a пневмоударники 
610 1 |a шпуры 
610 1 |a скважины 
610 1 |a учебные пособия 
675 |a 622.236.4(075.8)  |v 4 
700 1 |a Кутузов  |b Б. Н.  |g Борис Николаевич 
801 1 |a RU  |b 63413507  |c 20170330 
801 2 |a RU  |b 63413507  |c 20170403  |g RCR 
942 |c BK